000 00920cam a22001694a 4500
005 20250605163700.0
008 250528s ||||||||||||||||||||||||d
035 _a24223
040 _aGR-AtMCL
_bgre
_dGR-AtMCL
_eAACR2
245 1 _aΗ Ευρωπαϊκή και οι Μεσογειακές Χώρες
260 _bΔιοικητική Μονάδα 'Εκδόσεις'
_bΟπτικοακουστικός Τομέας, Πληροφόρηση, Επικοινωνία Και Πολιτιστικά Θέματα,
_c1991
300 _a6
520 _aΓενική Προσέγγιση, Η Αλληλοεξάρτηση, Οι Συμφωνίες της Συνεργασίας, Κυριότεροι Οικονομικοί Δείκτες των Τρίτων Μεσογειακών Χωρών, Η Ανανεωμένη Μεσογειακή Πολιτική.
942 _cCR
999 _c9116
_d9116